ბათუმის შოთა რუსთაველის სახელმწიფო უნივერსიტეტის ბიბლიოთეკა

Yedi Iklim Turkce : (ბიბ.ჩანაწერი № 57154)

000 -LEADER
fixed length control field 00875nam a22002057a 4500
005 - DATE AND TIME OF LATEST TRANSACTION
control field 20240403101845.0
008 - FIXED-LENGTH DATA ELEMENTS--GENERAL INFORMATION
fixed length control field 191206b xxu||||| |||| 00| 0 tur d
020 ## - INTERNATIONAL STANDARD BOOK NUMBER
International Standard Book Number 9786058701021x
041 ## - LANGUAGE CODE
Language code of text/sound track or separate title tur
080 ## - UNIVERSAL DECIMAL CLASSIFICATION NUMBER
Universal Decimal Classification number 811.512.16 Y-40
245 ## - TITLE STATEMENT
Title Yedi Iklim Turkce :
Remainder of title A 2 Ders Kitabı /
Statement of responsibility, etc. edit : Erol Barin ; Saban Cobanogli.
264 ## - PRODUCTION, PUBLICATION, DISTRIBUTION, MANUFACTURE, AND COPYRIGHT NOTICE
Place of production, publication, distribution, manufacture Ankara :
Name of producer, publisher, distributor, manufacturer Yurus emre enstitusu,
Date of production, publication, distribution, manufacture, or copyright notice 2015.
300 ## - PHYSICAL DESCRIPTION
Extent 187 p;
Other physical details ill.; +1 CD .;
Dimensions 29 cm.
653 ## - INDEX TERM--UNCONTROLLED
keyword თურქული ენა
653 ## - INDEX TERM--UNCONTROLLED
keyword შვიდი კლიმატის თურქული A 2 სახელმძღვანელო
653 ## - INDEX TERM--UNCONTROLLED
keyword სახელმძღვანელო და სავარჯიშო რვეული
700 ## - ADDED ENTRY--PERSONAL NAME
Personal name Barin, Erol
Relator term რედაქტორი
9 (RLIN) 5695
700 ## - ADDED ENTRY--PERSONAL NAME
Personal name Cobanogli, Saban
Relator term რედაქტორი
9 (RLIN) 5696
942 ## - ADDED ENTRY ELEMENTS (KOHA)
Source of classification or shelving scheme
Koha item type წიგნი
ეგზემპლარები
Withdrawn status Lost status Source of classification or shelving scheme Damaged status Not for loan Permanent Location Current Location Shelving location Date acquired Cost, normal purchase price Full call number Barcode Date last seen Copy number Price effective from Koha item type Public note
          ბათუმის შოთა რუსთაველის სახელმწიფო უნივერსიტეტის მთავარი ბიბლიოთეკა ბათუმის შოთა რუსთაველის სახელმწიფო უნივერსიტეტის მთავარი ბიბლიოთეკა წიგნსაცავი 2019-12-06 10.00 811.512.16 Y-40 60262 2019-12-06 60262 2019-12-06 წიგნი 10.00